Research methodology in biochemistry (Record no. 395195)

MARC details
000 -LEADER
fixed length control field 00594 a2200229 4500
005 - DATE & TIME
control field 20260202164401.0
008 - FIXED-LENGTH DATA ELEMENTS--GENERAL INFORMATION
fixed length control field 260202b |||||||| |||| 00| 0 eng d
020 ## - ISBN
International Standard Book Number 9789363465053
Price Rs. 3995.00
040 ## - CATALOGING SOURCE
Original cataloging agency VIVEKANANDA LIBRARY
082 ## - DDC NUMBER
Classification number 572.028
Book Number N164R
100 ## - MAIN ENTRY--PERSONAL NAME
Personal name Narayana, Suresh P
110 ## - MAIN ENTRY--CORPORATE NAME
Corporate name
245 ## - TITLE STATEMENT
Title Research methodology in biochemistry
260 ## - PUBLICATION, DISTRIBUTION, ETC. (IMPRINT)
Name of publisher, distributor, etc Scientific Publishers
Date of publication, distribution, etc 2025
Place of publication, distribution, etc New Delhi
300 ## - PHYSICAL DESCRIPTION
Pages xii, 429
650 ## - Subject
Subject Life Sciences
650 ## - Subject
Subject Biochemistry
650 ## - Subject
Subject Research Methodology
700 ## - Added Entry Personal Name
Added Entry Personal Name Varalakshmi, D
700 ## - Added Entry Personal Name
Added Entry Personal Name Pullaiah, T
942 ## - ADDED ENTRY ELEMENTS (KOHA)
Koha item type Books
Holdings
Withdrawn status Lost status Source of classification or shelving scheme Damaged status Not for loan Location (home branch) Sublocation or collection (holding branch) Shelving location Date acquired Koha issues (times borrowed) Koha full call number Accession No. Koha date last seen Koha item type
    Dewey Decimal Classification     VIVEKANANDA LIBRARY VIVEKANANDA LIBRARY Vivekananda Library 06/01/2026   572.028 N164R 444118 06/01/2026 Books
© Designed and Maintained by Vivekananda Library, MDU Rohtak